| 000 | 00605nam a2200265Ia 4500 | ||
|---|---|---|---|
| 008 | 210210b2010 xxu||||| |||| 00| 0 eng d | ||
| 020 | _a9788175545090 | ||
| 041 | _aeng | ||
| 082 | _a153.93 CART | ||
| 100 | _aCARTER (Philip) | ||
| 245 | _aTest your IQ: 400 questions to boost your brainpower Ed 2 | ||
| 250 | _a | ||
| 260 |
_aNew Delhi _bKogan Page _c2010 |
||
| 300 | _aiv,172 | ||
| 650 | _ayour | ||
| 650 | _ato | ||
| 650 | _aTest | ||
| 650 | _aquestions | ||
| 650 | _aIQ: | ||
| 650 | _abrainpower | ||
| 650 | _aboost | ||
| 650 | _a400 | ||
| 690 | _aIntelligence | ||
| 906 | _a065724 | ||
| 999 |
_c146984 _d146984 |
||